Star Wars Characters With the Most Lines - Statistics

General Stats
  • This quiz has been taken 685 times
  • The average score is 27 of 58
Answer Stats
Hint Answer % Correct
624 Lines Anakin Skywalker
99%
555 Lines Luke Skywalker
98%
293 Lines Leia Organa
97%
1039 Lines Han Solo
96%
465 Lines Obi-Wan Kenobi
95%
178 Lines Yoda
91%
471 Lines C-3PO
89%
660 Lines Chewbacca
89%
181 Lines Sheev Palpatine
89%
549 Lines R2-D2
87%
270 Lines Rey
85%
244 Lines Padme Amidala
82%
67 Lines Mace Windu
80%
297 Lines Finn
77%
179 Lines Qui-Gon Jinn
75%
105 Lines Kylo Ren
72%
215 Lines Lando Calrissian
71%
39 Lines Count Dooku
68%
106 Lines Jar Jar Binks
66%
188 Lines Poe Dameron
66%
47 Lines Jabba the Hutt
65%
44 Lines Grand Moff Tarkin
54%
24 Lines General Grievous
53%
125 Lines BB-8
47%
34 Lines Snoke
45%
33 Lines Bail Organa
42%
145 Lines Cassian Andor
42%
32 Lines Owen Lars
41%
35 Lines Shmi Skywalker
41%
116 Lines Jyn Erso
40%
79 Lines Rose Tico
39%
22 Lines Admiral Ackbar
38%
60 Lines General Hux
32%
40 Lines Watto
30%
50 Lines Nute Gunray
29%
22 Lines Galen Erso
28%
27 Lines Wedge Antilles
27%
35 Lines Captain Panaka
22%
31 Lines Admiral Piett
21%
54 Lines Director Krennic
21%
72 Lines K-2SO
21%
20 Lines Bib Fortuna
20%
21 Lines Admiral Holdo
19%
40 Lines Chirrut Imwe
19%
23 Lines Maz Kanata
19%
146 Lines Qi'ra
19%
31 Lines Saw Gerrera
19%
30 Lines Wicket
19%
34 Lines Baze Malbus
15%
68 Lines Bodhi Rook
15%
174 Lines Tobias Beckett
15%
22 Lines Val
15%
28 Lines DJ
10%
57 Lines Dryden Vos
9%
57 Lines L3-37
5%
35 Lines Rio Durant
5%
40 Lines Fode and Beed
3%
29 Lines Garven Dreis
1%
No matching quizzes found
Score Distribution
Percent of People with Each Score
Percentile by Number Answered
Your Score History
You have not taken this quiz